Development, trade, and the WTO : a handbook (Record no. 203069)

MARC details
000 -LEADER
fixed length control field 00452nam a2200157Ia 4500
008 - FIXED-LENGTH DATA ELEMENTS--GENERAL INFORMATION
fixed length control field 231221s9999 xx 000 0 und d
041 ## - LANGUAGE CODE
Language code of text/sound track or separate title English
082 ## - DEWEY DECIMAL CLASSIFICATION NUMBER
Classification number 658.848 HOE;
100 ## - MAIN ENTRY--PERSONAL NAME
Personal name Hoekman, Bernard ed Mattoo, Aaditya ed English, Philip ed
245 #0 - TITLE STATEMENT
Title Development, trade, and the WTO : a handbook
260 ## - PUBLICATION, DISTRIBUTION, ETC.
Date of publication, distribution, etc. 2002
Name of publisher, distributor, etc. World Bank
Place of publication, distribution, etc. Washington
300 ## - PHYSICAL DESCRIPTION
Extent xxx+641
300 ## - PHYSICAL DESCRIPTION
Dimensions 33158
650 ## - SUBJECT ADDED ENTRY--TOPICAL TERM
Topical term or geographic name entry element Development,,trade,,WTO,:
942 ## - ADDED ENTRY ELEMENTS (KOHA)
Koha item type Compact Disks
Holdings
Date last seen Total checkouts Full call number Accession number Price effective from Category Lost status Damaged status Department Withdrawn status Home library Current library Shelving location Entry date Vendor Grants Billnumber Billdate Currency symbol Conversion rate Discount Old discount
26/01/2024   658.848 HOE; CD1740 26/01/2024 Compact Disks     Central Library   Central Library Central Library Central Library   I K International MBA 1828 20/10/2010 USD 46.2   25
26/01/2024   658.848 HOE; CD1741 26/01/2024 Compact Disks     Central Library   Central Library Central Library Central Library   I K International MBA 1828 12/10/2009 USD 46.2   25
26/01/2024   658.848 HOE; CD1742 26/01/2024 Compact Disks     Central Library   Central Library Central Library Central Library   I K International MBA 1828 12/10/2009 USD 46.2   25
26/01/2024   658.848 HOE; CD1743 26/01/2024 Compact Disks     Central Library   Central Library Central Library Central Library   I K International MBA 1828 12/10/2009 USD 46.2   25
26/01/2024   658.848 HOE; CD1744 26/01/2024 Compact Disks     Central Library   Central Library Central Library Central Library   I K International MBA 1828 11/02/2011 USD 46.2   25
26/01/2024   658.848 HOE; CD1745 26/01/2024 Compact Disks     Central Library   Central Library Central Library Central Library   I K International MBA 1828 12/10/2009 USD 46.2   25
26/01/2024   658.848 HOE; CD1746 26/01/2024 Compact Disks     Central Library   Central Library Central Library Central Library   I K International MBA 1828 12/10/2009 USD 46.2   25
26/01/2024   658.848 HOE; CD1747 26/01/2024 Compact Disks     Central Library   Central Library Central Library Central Library   I K International MBA 1828 13/10/2009 USD 46.2   25
26/01/2024   658.848 HOE; CD1748 26/01/2024 Compact Disks     Central Library   Central Library Central Library Central Library   I K International MBA 1828 12/10/2009 USD 46.2   25
26/01/2024   658.848 HOE; CD1749 26/01/2024 Compact Disks     Central Library   Central Library Central Library Central Library   I K International MBA 1828 12/10/2009 USD 46.2   25

© For any Suggestions or Query, please contact the library staff @ librarian@pes.edu or Phone: +9180 2672 1983/ 2108.